[Event "European Cities & Towns Chess Championship - Open/Seniors"]
[Site "Central Europe"]
[Date "2023.01.29"]
[Round "2.1.1"]
[White "Stoleriu, George"]
[Black "Nguyen, Thai Dai Van"]
[Result "1/2-1/2"]
[WhiteElo "2389"]
[BlackElo "2656"]
[BlackCountry "CZ"]
[BlackFideId "358878"]
[BlackTeam "Prague - Open"]
[BlackTitle "GM"]
[WhiteCountry "RO"]
[WhiteFideId "1227505"]
[WhiteTeam "Iasi"]
[WhiteTitle "FM"]

1. e4 e5 2. Nf3 Nc6 3. Nc3 Nf6 4. d4 exd4 5. Nxd4 Bb4 6. Nxc6 bxc6 7. Bd3 
d5 8. Bd2 O-O 9. O-O Rb8 10. exd5 cxd5 11. a3 Bg4 12. Qc1 Be7 13. b4 c5 
14. bxc5 Bxc5 15. Bf4 Rc8 16. Ba6 Rc6 17. Bb7 Rb6 18. Na4 Ne4 19. Nxb6 
Qxb6 20. Rb1 Bxf2+ 21. Kh1 Qc5 22. c4 Be2 23. Bxd5 Bxf1 24. Bxe4 Bxc4 25. 
Qc2 Be6 26. Bxh7+ Kh8 27. Be4 Qxc2 28. Bxc2 Rc8 29. Be4 f5 30. Bf3 Bb6 31.
 Rc1 Rxc1+ 32. Bxc1 Kg8 33. g3 Kf7 34. Kg2 Bc4 35. Bb7 Ke6 36. Bc8+ Kf6 
37. Bb2+ Kg6 38. Kf3 Bc7 39. Bb7 a5 40. Bc6 Kf7 41. h3 g5 42. Bc1 Kg6 43. 
Be8+ Kf6 44. Bb2+ Be5 45. Bxe5+ Kxe5 46. Bd7 Bd5+ 47. Ke3 f4+ 48. gxf4+ 
gxf4+ 49. Kf2 Be4 50. h4 Kf6 51. Bg4 Kg6 52. Bf3 Bf5 53. Be2 Be4 54. Bf3 
Bf5 55. Be2 Be4 56. Bf3 1/2-1/2

[Event "European Cities & Towns Chess Championship - Open/Seniors"]
[Site "Central Europe"]
[Date "2023.01.29"]
[Round "2.1.2"]
[White "Rodshtein, Maxim"]
[Black "Gheorghiu, Calin"]
[Result "1-0"]
[WhiteElo "2616"]
[BlackElo "2317"]
[BlackCountry "RO"]
[BlackFideId "1200305"]
[BlackTeam "Iasi"]
[BlackTitle "FM"]
[WhiteCountry "IL"]
[WhiteFideId "2806851"]
[WhiteTeam "Prague - Open"]
[WhiteTitle "GM"]

1. Nf3 c5 2. g3 Nc6 3. Bg2 Nf6 4. O-O e5 5. e4 Be7 6. d3 O-O 7. Nc3 Rb8 8.
 a4 a6 9. Nd5 Re8 10. c3 d6 11. Be3 Nxd5 12. exd5 Na7 13. b4 b6 14. Nd2 
Bg5 15. Bxg5 Qxg5 16. a5 cxb4 17. axb6 Nb5 18. cxb4 Rxb6 19. Nc4 Rb8 20. 
Qc1 Qg6 21. Be4 f5 22. Bg2 Nd4 23. Qb2 f4 24. Rfe1 Rf8 25. Re4 fxg3 26. 
hxg3 Nf3+ 27. Bxf3 Rxf3 28. Qe2 Rf6 29. d4 Bf5 30. dxe5 Bxe4 31. exf6 Bxd5
32. Rd1 Re8 33. Ne3 Qe4 34. Qh5 Re5 35. Qh4 Qf3 36. Rxd5 Rxe3 37. fxe3 
Qxd5 38. Qg4 Qf7 39. Qc8+ Qf8 40. Qxa6 Qxf6 41. Qc4+ Kf8 42. b5 Qa1+ 43. 
Kf2 Qb2+ 44. Kf3 Qf6+ 45. Qf4 Ke8 46. Qxf6 gxf6 47. Ke4 Kd7 48. Kd5 f5 49.
 b6 h5 50. b7 Kc7 51. b8=Q+ Kxb8 52. Kxd6 Kc8 53. Ke5 Kd7 54. Kxf5 Kd6 55.
 Kg5 Ke5 56. Kxh5 Ke4 57. g4 1-0

[Event "European Cities & Towns Chess Championship - Open/Seniors"]
[Site "Central Europe"]
[Date "2023.01.29"]
[Round "2.1.3"]
[White "Calin, Alexandru"]
[Black "Movsesian, Sergei"]
[Result "0-1"]
[WhiteElo "2169"]
[BlackElo "2615"]
[BlackCountry "AM"]
[BlackFideId "310204"]
[BlackTeam "Prague - Open"]
[BlackTitle "GM"]
[WhiteCountry "RO"]
[WhiteFideId "1222961"]
[WhiteTeam "Iasi"]
[WhiteTitle "FM"]

1. d4 Nf6 2. Bg5 c5 3. d5 Ne4 4. Bf4 Qb6 5. Nc3 Nxc3 6. bxc3 d6 7. e4 g6 
8. Bd2 Bg7 9. Bc4 O-O 10. Ne2 Nd7 11. f4 Qa5 12. a4 Nb6 13. Bb5 c4 14. Be3
a6 15. Rb1 Nxd5 16. exd5 axb5 17. axb5 Bg4 18. Bd4 Bxd4 19. Qxd4 Qa2 20. 
Rc1 Ra5 21. b6 Re8 22. Ng3 e5 23. dxe6 Rxe6+ 24. Kf2 h5 25. Ne4 Rf5 26. g3
d5 27. Nc5 Re2+ 28. Kf1 Rxc2 29. Rxc2 Qb1+ 30. Kg2 Qxc2+ 31. Qf2 Bh3+ 32. 
Kf3 Qxc3+ 33. Qe3 Bg2+ 0-1

[Event "European Cities & Towns Chess Championship - Open/Seniors"]
[Site "Central Europe"]
[Date "2023.01.29"]
[Round "2.1.4"]
[White "Nemec, Jachym"]
[Black "Zubcu, Vlad-George"]
[Result "1-0"]
[WhiteElo "2361"]
[BlackElo "2156"]
[BlackCountry "RO"]
[BlackFideId "1219715"]
[BlackTeam "Iasi"]
[Termination "time forfeit"]
[WhiteCountry "CZ"]
[WhiteFideId "23716525"]
[WhiteTeam "Prague - Open"]
[WhiteTitle "FM"]

1. d4 Nf6 2. c4 e6 3. Nc3 Bb4 4. e3 O-O 5. Ne2 b6 6. a3 Be7 7. d5 exd5 8. 
cxd5 Bb7 9. Ng3 Re8 10. Be2 Bf8 11. O-O g6 12. e4 Bg7 13. Be3 d6 14. Qd2 
Nbd7 15. f3 h5 16. Rfe1 a6 17. Rac1 b5 18. Na2 Nc5 19. Bd1 Nfd7 20. b4 Na4
21. Bxa4 bxa4 22. Ne2 a5 23. b5 h4 24. Nac3 h3 25. Nf4 hxg2 26. Qxg2 Ne5 
27. Nxa4 Rc8 28. Rf1 Qf6 29. Ne2 Qe7 30. Nac3 Nc4 31. Bg5 Bf6 32. Bxf6 
Qxf6 33. Qf2 Ra8 34. Nd1 Nd2 35. Rxc7 Bc8 36. Ndc3 Nxf1 37. Qxf1 a4 38. 
Qf2 Rb8 39. b6 Bh3 40. Qg3 Bc8 41. Rc6 Rd8 42. Kg2 Bb7 43. Rc7 Ba6 44. Nf4
Rxb6 45. Nd1 Rc8 46. Rxc8+ Bxc8 47. h4 Rb3 48. Nf2 Rxa3 49. h5 g5 50. N4d3
Ba6 51. e5 dxe5 52. Nxe5 Be2 53. d6 Kf8 54. Nd7+ 1-0

[Event "European Cities & Towns Chess Championship - Open/Seniors"]
[Site "Central Europe"]
[Date "2023.01.29"]
[Round "2.2.1"]
[White "Mastrovasilis, Dimitrios"]
[Black "Jansa, Vlastimil"]
[Result "1/2-1/2"]
[WhiteElo "2605"]
[BlackElo "2398"]
[BlackCountry "CZ"]
[BlackFideId "300128"]
[BlackTeam "Prague - Seniors"]
[BlackTitle "GM"]
[WhiteCountry "GR"]
[WhiteFideId "4202694"]
[WhiteTeam "Thessaloniki"]
[WhiteTitle "GM"]

1. e4 c5 2. Nf3 e6 3. c4 b6 4. Nc3 Bb7 5. d4 cxd4 6. Nxd4 d6 7. Be3 Nf6 8.
 f3 Nbd7 9. Be2 Be7 10. O-O O-O 11. a4 a6 12. a5 bxa5 13. Nb3 Rb8 14. Nxa5
Ba8 15. Qd2 Qc7 16. Rfc1 Nc5 17. b4 Rxb4 18. Nb5 axb5 19. Qxb4 bxc4 20. 
Qxc4 Nfd7 21. Nb3 Rb8 22. Nxc5 dxc5 23. Rcb1 Rxb1+ 24. Rxb1 h6 25. Qa6 Bc6
26. Bb5 Bxb5 27. Rxb5 Ne5 28. Qa5 Qd7 29. Rb8+ Kh7 30. Qd2 Qc6 31. Rb1 c4 
32. Bd4 Nd3 33. h3 Bc5 34. Qe3 Bxd4 35. Qxd4 Qa4 36. Kh2 Qc2 37. Ra1 Nf4 
38. Qg1 c3 39. Rc1 Qd2 40. Rd1 Qc2 41. Rc1 Qd2 42. Rd1 Qc2 43. Rc1 1/2-1/2

[Event "European Cities & Towns Chess Championship - Open/Seniors"]
[Site "Central Europe"]
[Date "2023.01.29"]
[Round "2.2.2"]
[White "Sorm, Daniel"]
[Black "Papaioannou, Ioannis"]
[Result "1/2-1/2"]
[WhiteElo "2302"]
[BlackElo "2628"]
[BlackCountry "GR"]
[BlackFideId "4201345"]
[BlackTeam "Thessaloniki"]
[BlackTitle "GM"]
[WhiteCountry "CZ"]
[WhiteFideId "5400139"]
[WhiteTeam "Prague - Seniors"]
[WhiteTitle "FM"]

1. d4 Nf6 2. c4 e6 3. Nc3 Bb4 4. e3 O-O 5. Bd3 d5 6. cxd5 exd5 7. Ne2 Re8 
8. O-O a6 9. f3 c5 10. a3 cxd4 11. exd4 Be7 12. Bc2 Nc6 13. Qd3 g6 14. g4 
Be6 15. Nf4 Bd6 16. Nxe6 Rxe6 17. Bg5 Be7 18. Rae1 Qb6 19. Bxf6 Bxf6 20. 
Nxd5 Qxd4+ 21. Kh1 Rd8 22. Rxe6 fxe6 23. Qxd4 Bxd4 24. Nf4 Bxb2 25. Rb1 
Bxa3 26. Rxb7 Nd4 27. Be4 Bd6 28. Nxe6 Nxe6 29. Bd5 Bf4 30. Bxe6+ Kh8 31. 
Ra7 Rd1+ 32. Kg2 Rd6 33. Bc4 Rd2+ 34. Kf1 Rxh2 35. Rxa6 Kg7 36. Ra2 Rh1+ 
37. Kg2 Rc1 38. Bd5 Kf6 39. Ra5 Rc2+ 40. Kf1 Rd2 41. Be4 Be5 42. Rd5 Ra2 
43. Rd7 Ra1+ 44. Kg2 Ra2+ 45. Kf1 h5 46. gxh5 gxh5 47. Rh7 Kg5 48. Rf7 Bd4
49. Rc7 h4 50. Rc2 Ra1+ 51. Kg2 Kf4 52. Kh3 Rg1 53. Rg2 Rxg2 54. Kxg2 Bf6 
55. Kh3 Be7 56. Bc6 Bf6 57. Be4 Be7 58. Bc6 Bf6 59. Be4 1/2-1/2

[Event "European Cities & Towns Chess Championship - Open/Seniors"]
[Site "Central Europe"]
[Date "2023.01.29"]
[Round "2.2.3"]
[White "Mastrovasilis, Athanasios"]
[Black "Trickov, Vasil"]
[Result "1/2-1/2"]
[WhiteElo "2520"]
[BlackElo "2329"]
[BlackCountry "CZ"]
[BlackFideId "311103"]
[BlackTeam "Prague - Seniors"]
[BlackTitle "IM"]
[WhiteCountry "GR"]
[WhiteFideId "4201990"]
[WhiteTeam "Thessaloniki"]
[WhiteTitle "GM"]

1. d4 d5 2. c4 c6 3. cxd5 cxd5 4. Bf4 Nf6 5. e3 Nc6 6. Bb5 Bd7 7. Nf3 e6 
8. Nc3 Bb4 9. O-O Qa5 10. Bd3 O-O 11. Nb5 Rfc8 12. a3 Bf8 13. Nd6 Bxd6 14.
 Bxd6 Ne4 15. Bf4 Ne7 16. Ng5 Nxg5 17. Bxg5 Ng6 18. h4 f6 19. h5 Nf8 20. 
Bh4 Bb5 21. Bxb5 Qxb5 22. Qg4 Kf7 23. h6 g6 24. Qf4 Nd7 25. g4 g5 26. Bxg5
Rg8 27. Bh4 Rxg4+ 28. Qxg4 Rg8 29. Qxg8+ Kxg8 30. Rac1 Kf7 31. Rc7 Kg6 32.
 b3 Nf8 33. Rg7+ Kxh6 34. Rg3 Nd7 35. Kg2 Qd3 36. Rh1 Qe4+ 37. Kg1 Qb1+ 
38. Kh2 Qc2 39. Rg2 Qe4 40. Kg1 Qb1+ 41. Kh2 Qe4 42. Kg1 Qb1+ 43. Kh2 Qe4 
1/2-1/2

[Event "European Cities & Towns Chess Championship - Open/Seniors"]
[Site "Central Europe"]
[Date "2023.01.29"]
[Round "2.2.4"]
[White "Pribyl, Josef"]
[Black "Ioannidis, Evgenios"]
[Result "0-1"]
[WhiteElo "2217"]
[BlackElo "2476"]
[BlackCountry "GR"]
[BlackFideId "4229274"]
[BlackTeam "Thessaloniki"]
[BlackTitle "IM"]
[WhiteCountry "CZ"]
[WhiteFideId "300187"]
[WhiteTeam "Prague - Seniors"]
[WhiteTitle "IM"]

1. c4 Nf6 2. Nf3 e6 3. g3 d5 4. b3 c5 5. Bg2 d4 6. O-O Nc6 7. e3 Bd6 8. 
exd4 cxd4 9. Re1 O-O 10. Ba3 e5 11. d3 Bf5 12. Nh4 Bg4 13. Qd2 h6 14. Bxd6
Qxd6 15. a3 a5 16. Ra2 Rfe8 17. Rb2 g5 18. Nf3 e4 19. dxe4 Nxe4 20. Qc1 
Nc5 21. h3 Bxf3 22. Bxf3 Nd3 23. Rxe8+ Rxe8 24. Qd2 Nxb2 25. Qxb2 d3 26. 
Nd2 Qd4 27. Qc1 Qf6 28. Kg2 Nd4 29. Bxb7 Re2 30. Nf3 Qb6 31. Bd5 Nxf3 32. 
c5 Ne1+ 33. Qxe1 Qxc5 34. Bxf7+ Kxf7 35. Qf1 Qd5+ 36. Kg1 Qf3 0-1

[Event "European Cities & Towns Chess Championship - Open/Seniors"]
[Site "Central Europe"]
[Date "2023.01.29"]
[Round "2.3.1"]
[White "Pasko, Llambi"]
[Black "Kourkoulos-Arditis, Stamatis"]
[Result "1-0"]
[WhiteElo "2413"]
[BlackElo "2537"]
[BlackCountry "GR"]
[BlackFideId "4221990"]
[BlackTeam "Kallithea - Athens"]
[BlackTitle "IM"]
[WhiteCountry "AL"]
[WhiteFideId "4701178"]
[WhiteTeam "TIRANA City"]
[WhiteTitle "IM"]

1. d4 c5 2. d5 g6 3. c4 Bg7 4. Nc3 Nf6 5. e4 d6 6. Nf3 O-O 7. Be2 e6 8. 
O-O exd5 9. cxd5 Bg4 10. Qb3 Qe7 11. h3 Bxf3 12. Bxf3 Na6 13. Bf4 Rfb8 14.
 Nb5 Ne8 15. Rfe1 Be5 16. Bxe5 Qxe5 17. a4 Nb4 18. Na3 f6 19. Nc4 Qe7 20. 
Bg4 Nc7 21. f4 b5 22. axb5 Nxb5 23. e5 f5 24. exd6 Qf6 25. Bf3 Qd4+ 26. 
Kh1 Nd3 27. Ne5 Nxe1 28. Rxe1 Nxd6 29. Qa3 Rxb2 30. Nc6 Qf2 31. Qc3 Re8 
32. Rxe8+ Nxe8 33. d6 Rd2 34. Ne7+ Kf7 35. Bd5+ Rxd5 36. Nxd5 Qa2 37. Qe5 
Qb1+ 38. Kh2 Qb7 39. Nc7 Nxc7 40. Qe7+ Kg8 41. Qxc7 1-0

[Event "European Cities & Towns Chess Championship - Open/Seniors"]
[Site "Central Europe"]
[Date "2023.01.29"]
[Round "2.3.2"]
[White "Halkias, Stelios"]
[Black "Xhembulla, Aleksander"]
[Result "1/2-1/2"]
[WhiteElo "2516"]
[BlackElo "2091"]
[BlackCountry "AL"]
[BlackFideId "4705114"]
[BlackTeam "TIRANA City"]
[WhiteCountry "GR"]
[WhiteFideId "4201809"]
[WhiteTeam "Kallithea - Athens"]
[WhiteTitle "GM"]

1. Nf3 Nf6 2. c4 e6 3. g3 d5 4. Bg2 dxc4 5. Qa4+ Nbd7 6. Qxc4 c5 7. Qc2 
Be7 8. Nc3 O-O 9. O-O a6 10. Rd1 Qc7 11. d4 cxd4 12. Nxd4 Nb6 13. Qb3 e5 
14. Nf3 Be6 15. Qc2 h6 16. Nh4 Rfd8 17. Bd2 Nc4 18. Be1 Rac8 19. Rac1 b5 
20. Rxd8+ Rxd8 21. Nf5 Bf8 22. Ne4 Nxe4 23. Bxe4 Qd7 24. Nh4 Be7 25. Nf3 
f5 26. Bd3 Bf6 27. Bxc4 Bxc4 28. Bc3 Qe6 29. b3 Bd5 30. Qb2 Bxf3 31. exf3 
Rd3 32. Re1 Rxf3 33. Bxe5 Rd3 34. Qb1 Rd7 35. Bf4 Qd5 36. Re8+ Kf7 37. Re1
Qd3 38. Qc1 g5 39. Be3 Qc3 40. Qb1 Qd3 41. Qc1 Qc3 42. Qb1 Qd3 43. Qc1 
1/2-1/2

[Event "European Cities & Towns Chess Championship - Open/Seniors"]
[Site "Central Europe"]
[Date "2023.01.29"]
[Round "2.3.3"]
[White "Zeneli, Klendi"]
[Black "Kalogeris, Ioannis"]
[Result "0-1"]
[WhiteElo "2052"]
[BlackElo "2409"]
[BlackCountry "GR"]
[BlackFideId "4239563"]
[BlackTeam "Kallithea - Athens"]
[BlackTitle "FM"]
[Termination "time forfeit"]
[WhiteCountry "AL"]
[WhiteFideId "4706609"]
[WhiteTeam "TIRANA City"]

1. e4 e5 2. Nf3 Nc6 3. Bc4 Bc5 4. c3 Nf6 5. d3 O-O 6. a4 a5 7. O-O d6 8. 
Be3 Nd7 9. Nbd2 Kh8 10. d4 Bb6 11. Ng5 exd4 12. cxd4 Bxd4 13. Nxf7+ Rxf7 
14. Bxf7 Nde5 15. Bxd4 Nxd4 16. Ba2 Qh4 17. Nc4 Nef3+ 18. gxf3 Bh3 19. Ne3
Qf6 20. Kh1 Nxf3 21. Rg1 Nxg1 22. Kxg1 Qg6+ 23. Kh1 Qxe4+ 24. Kg1 Qg6+ 25.
 Kh1 Rf8 26. Qd5 c6 27. Qb3 d5 28. Rg1 Qe4+ 29. Ng2 Bxg2+ 30. Rxg2 Rxf2 
0-1

[Event "European Cities & Towns Chess Championship - Open/Seniors"]
[Site "Central Europe"]
[Date "2023.01.29"]
[Round "2.3.4"]
[White "Papasimakopoulos, Alexandros"]
[Black "Shuqja, Klean"]
[Result "1-0"]
[WhiteElo "2334"]
[BlackElo "1884"]
[BlackCountry "AL"]
[BlackFideId "4701585"]
[BlackTeam "TIRANA City"]
[BlackTitle "WFM"]
[WhiteCountry "GR"]
[WhiteFideId "4244125"]
[WhiteTeam "Kallithea - Athens"]
[WhiteTitle "FM"]

1. d4 Nf6 2. c4 e6 3. Nc3 Bb4 4. Qc2 O-O 5. a3 Bxc3+ 6. Qxc3 a5 7. b3 Nc6 
8. Nf3 d6 9. Bb2 d5 10. e3 Ne4 11. Qc2 Ng5 12. Be2 Bd7 13. O-O Nxf3+ 14. 
Bxf3 Ne7 15. a4 Bc6 16. Ba3 Re8 17. cxd5 exd5 18. Rac1 Qd7 19. Qd2 Nf5 20.
 g3 Nd6 21. Bxd6 Qxd6 22. Rc5 b6 23. Rc2 Bb7 24. Rfc1 Re7 25. Rc3 g6 26. 
Qc2 Rc8 27. Bg4 f5 28. Bf3 c6 29. Qb2 Rec7 30. Qd2 Re7 31. R3c2 Rec7 32. 
Rd1 Re7 33. Rb1 c5 34. dxc5 Rxc5 35. Rxc5 Qxc5 36. Rc1 Qd6 37. Qd4 h6 38. 
h4 Kh7 39. Rd1 Rd7 40. h5 Qe6 41. hxg6+ Kxg6 42. Qh4 Qf6 43. Qf4 Qd6 44. 
Bh5+ Kf6 45. Qh4+ Kg7 46. Be8 Re7 47. Bb5 Qf6 48. Qf4 Qe5 49. Qh4 Qf6 50. 
Rd4 Qxh4 51. Rxh4 Rc7 52. Rf4 Rc1+ 53. Kg2 d4+ 54. f3 dxe3 55. Rxf5 Rc2+ 
56. Kg1 Rf2 57. Re5 Rxf3 58. Re7+ Rf7 59. Rxe3 Kg8 60. Bc4 Kg7 61. Bxf7 
Kxf7 62. Kf2 Bc6 63. Rc3 Bd7 64. Rc7 Ke6 65. Rb7 1-0

[Event "European Cities & Towns Chess Championship - Open/Seniors"]
[Site "Central Europe"]
[Date "2023.01.29"]
[Round "2.4.1"]
[White "Tomic, Aleksandar"]
[Black "Massoni, Michael"]
[Result "0-1"]
[WhiteElo "2417"]
[BlackElo "2322"]
[BlackCountry "FR"]
[BlackFideId "654213"]
[BlackTeam "Corsica "]
[BlackTitle "IM"]
[WhiteCountry "ME"]
[WhiteFideId "16501799"]
[WhiteTeam "Niksic"]
[WhiteTitle "FM"]

1. d4 Nf6 2. c4 g6 3. Nc3 d5 4. Bg5 Ne4 5. Bh4 Nxc3 6. bxc3 Bg7 7. cxd5 
Qxd5 8. e3 c5 9. Nf3 cxd4 10. cxd4 Nc6 11. Be2 O-O 12. O-O Bf5 13. Qa4 e5 
14. dxe5 Nxe5 15. Nxe5 Qxe5 16. Rac1 a6 17. Bf3 b5 18. Qa5 Be4 19. Bg3 Qf5
20. Bxe4 Qxe4 21. Rc7 Qe6 22. Rfc1 Rfc8 23. h4 h5 24. R1c6 Qxc6 25. Rxc6 
Rxc6 26. a4 Bc3 0-1

[Event "European Cities & Towns Chess Championship - Open/Seniors"]
[Site "Central Europe"]
[Date "2023.01.29"]
[Round "2.4.2"]
[White "Pieri, Pierre-Louis"]
[Black "Krivokapic, Marko"]
[Result "0-1"]
[WhiteElo "2138"]
[BlackElo "2386"]
[BlackCountry "ME"]
[BlackFideId "931314"]
[BlackTeam "Niksic"]
[BlackTitle "IM"]
[WhiteCountry "FR"]
[WhiteFideId "20622627"]
[WhiteTeam "Corsica "]

1. e4 c5 2. Nf3 d6 3. c3 Nf6 4. Be2 a6 5. O-O e6 6. Re1 Be7 7. Bf1 O-O 8. 
d4 cxd4 9. cxd4 b5 10. Bd3 Bb7 11. a4 b4 12. Nbd2 Nbd7 13. e5 dxe5 14. 
dxe5 Nd5 15. Ne4 Qc7 16. Bg5 Nxe5 17. Nxe5 Qxe5 18. Nf6+ Bxf6 19. Rxe5 
Bxe5 20. Qg4 Bxb2 21. Rb1 Bc3 22. h4 a5 23. h5 Nf6 24. Qh4 h6 25. Be3 Rfd8
26. Bc2 Rac8 27. Bb3 Bd5 28. g4 Bxb3 29. Rxb3 Rc4 30. f3 Rd3 31. Kf2 Be1+ 
32. Kxe1 Rxb3 33. Bd2 Rxf3 34. Qh1 Re4+ 35. Kd1 Rd3 36. Kc2 Red4 37. Bc1 
Nxg4 38. Qa8+ Kh7 39. Qxa5 b3+ 40. Kb2 Nf2 41. Qb5 Nd1+ 42. Ka3 b2+ 43. 
Ka2 bxc1=Q 0-1

[Event "European Cities & Towns Chess Championship - Open/Seniors"]
[Site "Central Europe"]
[Date "2023.01.29"]
[Round "2.4.3"]
[White "Kisic, Bozidar"]
[Black "Utrera, Ludovic"]
[Result "1/2-1/2"]
[WhiteElo "2303"]
[BlackElo "2045"]
[BlackCountry "FR"]
[BlackFideId "20604580"]
[BlackTeam "Corsica "]
[WhiteCountry "ME"]
[WhiteFideId "16500350"]
[WhiteTeam "Niksic"]
[WhiteTitle "FM"]

1. d4 Nf6 2. Bg5 Ne4 3. h4 c5 4. d5 d6 5. Nd2 Qa5 6. c3 Nxd2 7. Qxd2 Bf5 
8. f3 h6 9. Bf4 Nd7 10. e4 Bh7 11. Be2 O-O-O 12. Nh3 Ne5 13. O-O Rg8 14. 
b4 Qc7 15. bxc5 Qxc5+ 16. Be3 Nc4 17. Bxc4 Qxc4 18. Rab1 g5 19. Rb4 Qa6 
20. hxg5 hxg5 21. Nxg5 Bg6 22. Rfb1 Rd7 23. Qd1 b6 24. a4 Bh6 25. Qd2 Bh5 
26. Kf2 Bxg5 27. Bxg5 f6 28. Be3 e5 29. g4 Rdg7 30. Qe2 Qb7 31. Rg1 f5 32.
 exf5 Qxd5 33. Qc4+ Qxc4 34. Rxc4+ Kb7 35. g5 d5 36. Rb4 Rc7 37. Rb3 d4 
38. cxd4 Rc2+ 39. Kg3 exd4 40. Bf4 Rd8 41. Rd3 Rd5 42. Rh1 Be8 43. f6 Bg6 
44. Rhd1 Rc4 45. Be3 Rxa4 46. Rxd4 Raxd4 47. Rxd4 Rxd4 48. Bxd4 Kc6 49. 
Kg4 Kd5 50. f4 Ke6 51. Kf3 Kd5 52. Ke3 Ke6 53. Kd2 Kf5 54. Be5 a5 55. Kc3 
b5 56. Bc7 Ke4 57. Kb3 Be8 58. Bxa5 Kxf4 59. Bd2+ Kf5 60. Kb4 Kg6 61. Kc5 
Bd7 62. Kd6 Be8 63. Ke7 Bf7 64. Bb4 Bc4 65. Bd2 Bf7 66. Kd6 Bc4 67. Kc5 
Bd3 68. Kd4 Bc4 69. Ke5 Bf7 70. Kd6 Bc4 71. Kc5 Bd3 72. Bc1 Bc4 73. Kd4 
Bf7 74. Ke5 Bc4 75. Kd6 Bf7 76. Ke7 Bc4 77. Bd2 Bf7 1/2-1/2

[Event "European Cities & Towns Chess Championship - Open/Seniors"]
[Site "Central Europe"]
[Date "2023.01.29"]
[Round "2.4.4"]
[White "Geronimi, Pierre-Francois"]
[Black "Saric, Igor"]
[Result "1-0"]
[WhiteElo "2027"]
[BlackElo "2282"]
[BlackCountry "ME"]
[BlackFideId "909319"]
[BlackTeam "Niksic"]
[BlackTitle "FM"]
[WhiteCountry "FR"]
[WhiteFideId "655686"]
[WhiteTeam "Corsica "]

1. e4 e6 2. Nf3 d5 3. e5 c5 4. b4 cxb4 5. a3 bxa3 6. d4 Nc6 7. c3 Bd7 8. 
Bxa3 Bxa3 9. Nxa3 a6 10. Bd3 Nge7 11. h4 Nf5 12. h5 Nh6 13. Qd2 O-O 14. 
Ng5 Nf5 15. g4 h6 16. gxf5 Qxg5 17. Qxg5 hxg5 18. f6 gxf6 19. exf6 Kh8 20.
 h6 e5 21. Nc2 e4 22. Be2 Rae8 23. Ne3 Be6 24. h7 Nb8 25. Kd2 Nd7 26. Rh6 
Ra8 27. c4 Nb6 28. c5 Nd7 29. Bd1 Rad8 30. Rb1 Rb8 31. Ba4 Rfd8 32. Bxd7 
Rxd7 33. Rh5 g4 34. Rg5 Rc7 35. Rg1 Rc6 36. Nxg4 Bxg4 37. R1xg4 Rxf6 38. 
Rg8+ Kxh7 39. Rxb8 Rxf2+ 40. Ke1 Rb2 41. c6 Rb1+ 42. Kd2 Rb2+ 43. Kc1 Rb4 
44. cxb7 f5 45. Rg2 f4 46. Rb2 Rc4+ 47. Kd1 Rxd4+ 48. Ke1 f3 49. Rf8 e3 
50. b8=Q f2+ 51. Rfxf2 exf2+ 52. Kxf2 Kg6 53. Qb6+ Kf5 54. Qxd4 1-0

[Event "European Cities & Towns Chess Championship - Open/Seniors"]
[Site "Central Europe"]
[Date "2023.01.29"]
[Round "2.5.1"]
[White "Babarovic, Fran"]
[Black "Tarhan, Adar"]
[Result "0-1"]
[WhiteElo "1275"]
[BlackElo "2321"]
[BlackCountry "TR"]
[BlackFideId "34544712"]
[BlackTeam "Istanbul - Open"]
[BlackTitle "FM"]
[WhiteCountry "SI"]
[WhiteFideId "14641429"]
[WhiteTeam "Ljubljana - Komenda"]

1. e4 e5 2. Nf3 Nc6 3. Bc4 Bc5 4. d3 Nf6 5. Bg5 h6 6. Bh4 d6 7. Nc3 g5 8. 
Bg3 Bg4 9. h4 Nh5 10. hxg5 Nxg3 11. fxg3 h5 12. Nd5 Nd4 13. Nf6+ Ke7 14. 
Nxg4 hxg4 15. Rxh8 Nxf3+ 16. gxf3 Qxh8 17. fxg4 Qh2 18. Qf3 Rf8 19. O-O-O 
Qf2 20. Qxf2 Bxf2 21. Rf1 Be3+ 22. Kd1 Bxg5 23. Ke2 f6 24. Rf5 Rh8 25. Rf2
Rh3 26. Kf3 Rh1 27. Bd5 c6 28. Bb3 a5 29. a4 b5 30. c4 b4 31. Rc2 c5 32. 
Kg2 Rd1 33. Re2 Rxd3 34. Bc2 Rd4 35. b3 Kf8 36. Kf3 Kg7 37. Rh2 Bc1 38. 
Rh1 Bh6 39. Rh2 Bg5 40. Rg2 Kg6 41. Rh2 Bc1 42. Rh1 Bb2 43. Rh2 Ba1 44. 
Ke3 Bc3 45. Bd3 Be1 46. Rg2 Kg5 47. Rg1 Bc3 48. Rf1 Bb2 49. Rf5+ Kxg4 50. 
Rxf6 Kxg3 51. Rf7 Bc1+ 52. Ke2 Bg5 53. Rf8 Bh6 54. Ra8 Kf4 55. Rxa5 d5 56.
 cxd5 c4 57. bxc4 Kg4 58. d6 Rxd6 59. Rxe5 Ra6 60. a5 Bg7 61. Rb5 Bc3 62. 
Ke3 Rh6 63. Be2+ Kg3 64. Rg5+ Kh4 65. Rg1 Rd6 66. Rg4+ Kh3 67. Rg8 b3 68. 
Rb8 b2 69. Bd3 Ra6 70. Rb5 Kg4 71. Ke2 Kf4 72. Kd1 Ke3 73. Kc2 Bd4 74. c5 
Rh6 75. Rb6 Rh2+ 76. Kb3 Kxd3 77. a6 b1=Q+ 78. Ka4 Ra2# 0-1

[Event "European Cities & Towns Chess Championship - Open/Seniors"]
[Site "Central Europe"]
[Date "2023.01.29"]
[Round "2.5.2"]
[White "Can, Isik"]
[Black "Zagar, Katarina"]
[Result "1-0"]
[WhiteElo "2488"]
[BlackElo "1153"]
[BlackCountry "SI"]
[BlackFideId "14653826"]
[BlackTeam "Ljubljana - Komenda"]
[WhiteCountry "TR"]
[WhiteFideId "6383742"]
[WhiteTeam "Istanbul - Open"]
[WhiteTitle "IM"]

1. e4 e5 2. Nf3 Nc6 3. Bb5 a6 4. Bxc6 dxc6 5. O-O Bd6 6. d4 exd4 7. Qxd4 
f6 8. Be3 Ne7 9. Nbd2 O-O 10. Nc4 Be6 11. Rad1 c5 12. Qc3 b6 13. Bf4 Nc8 
14. Rd2 Qe7 15. Nxd6 Nxd6 16. Bxd6 cxd6 17. Rfd1 Rad8 18. h3 Rd7 19. Nh4 
Rfd8 20. Qf3 g6 21. Qg3 d5 22. exd5 Rxd5 23. Nf5 Bxf5 24. Rxd5 Rxd5 25. 
Rxd5 Qe1+ 26. Kh2 Bxc2 27. Qb8+ Kf7 28. Rd7+ Ke6 29. Qe8+ Kf5 30. Qxe1 h5 
31. Rd5+ Kf4 32. Qe3# 1-0

[Event "European Cities & Towns Chess Championship - Open/Seniors"]
[Site "Central Europe"]
[Date "2023.01.29"]
[Round "2.5.3"]
[White "Krstic, David"]
[Black "Makaraci, Tunahan"]
[Result "0-1"]
[WhiteElo "1000"]
[BlackElo "2296"]
[BlackCountry "TR"]
[BlackFideId "6356559"]
[BlackTeam "Istanbul - Open"]
[WhiteCountry "SI"]
[WhiteFideId "14654946"]
[WhiteTeam "Ljubljana - Komenda"]

1. d4 d5 2. c4 e6 3. Nc3 c5 4. e3 Nf6 5. Nf3 a6 6. cxd5 exd5 7. Be2 c4 8. 
O-O b5 9. b3 Bb4 10. Bb2 Bxc3 11. Bxc3 Ne4 12. Bb2 c3 13. Bc1 O-O 14. Bd3 
Nc6 15. Qe1 Nb4 16. Qd1 Nxd3 17. Qxd3 Bf5 18. Qe2 Rc8 19. Ba3 Re8 20. Rac1
Bg4 21. h3 Bxf3 22. gxf3 Ng5 23. Kg2 Qa5 24. Bc5 Ne6 25. b4 Qa4 26. Rxc3 
Nf4+ 27. exf4 Rxe2 28. Re3 Rxe3 29. fxe3 Qxa2+ 30. Rf2 Qb3 31. h4 f5 32. 
Re2 Rc6 33. h5 Re6 34. Kf2 g6 35. hxg6 Rxg6 36. Re1 Qc2+ 37. Re2 Qd1 38. 
Re1 Qd2+ 39. Re2 Rg2+ 40. Kxg2 Qxe2+ 41. Kg3 Qxe3 42. Kh4 Qxf3 43. Kg5 Kf7
44. Kh6 Qg4 45. Kxh7 Qh5# 0-1

[Event "European Cities & Towns Chess Championship - Open/Seniors"]
[Site "Central Europe"]
[Date "2023.01.29"]
[Round "2.6.1"]
[White "Samunenkov, Ihor"]
[Black "Ribbegren, Karl Johan"]
[Result "1-0"]
[WhiteElo "2485"]
[BlackElo "2158"]
[BlackCountry "MC"]
[BlackFideId "5400040"]
[BlackTeam "Monte-Carlo"]
[WhiteCountry "UA"]
[WhiteFideId "14187086"]
[WhiteTeam "Kyiv region"]
[WhiteTitle "IM"]

1. e4 d6 2. d4 g6 3. Nc3 Bg7 4. g3 c6 5. Bg2 e6 6. Nf3 Ne7 7. h4 h6 8. Bf4
Qc7 9. e5 d5 10. Qd2 Nd7 11. O-O b6 12. a4 a5 13. Rfc1 Ba6 14. Bf1 Bxf1 
15. Kxf1 Qb7 16. Kg2 Qa6 17. b3 Kf8 18. Nd1 c5 19. Nc3 cxd4 20. Nb5 Nc5 
21. Nc7 Ne4 22. Qd3 Qxd3 23. cxd3 Rd8 24. dxe4 dxe4 25. Nd2 g5 26. hxg5 
hxg5 27. Bxg5 Bxe5 28. Nxe4 Rd7 29. Bf6 Rh5 30. Nb5 d3 31. Ra2 Rf5 32. 
Bxe5 Rxe5 33. Nf6 Rd8 34. Rd2 Kg7 35. Ng4 Re4 36. Ne3 Rb4 37. Rc3 Ng6 38. 
Nc4 e5 39. Rcxd3 Rxd3 40. Rxd3 f5 41. Nc7 e4 42. Rc3 Kf6 43. Nd5+ Ke6 44. 
Nxb4 axb4 45. Rc1 1-0